The 11 Colours - Fast Typing - Statistics

General Stats
  • This quiz has been taken 506 times
  • The average score is 8 of 11
Answer Stats
Answer % Correct
Red
96%
Blue
92%
Yellow
90%
Green
87%
Orange
80%
Purple
69%
Pink
64%
Black
62%
White
59%
Brown
40%
Grey
28%
No matching quizzes found
Score Distribution
Percent of People with Each Score
Percentile by Number Answered
Your Score History
You have not taken this quiz